000 00635nam a2200205Ii 4500
001 12496
003 CO-ViMGA
008 241108s9999||||xx |||||||||||||| ||und||
040 _aCO-ViMGA
_bspa
_erda
_cCO-ViMGA
041 0 _aunk
082 0 4 _a920-G15m
100 1 _aAlejandro Galvis Galvis
_953338
245 1 0 _aMemorias de un político centenarista
264 1 _a[Lugar de publicación no identificado] : [Editorial no identificada], 1975
300 _avolumen
336 _atext
_btxt
_2rdacontent
337 _aunmediated
_bn
_2rdamedia
338 _avolume
_bnc
_2rdacarrier
940 _aidficha_siabuc: 12204. -- ficha_no_siabuc:12496
999 _c49928
_d49928